000
003170000a22001450004500
003
MACL
040
_a
MACL
090
_c
6762
_d
6761
100
_a
Mujtabai, Fathullah
245
_a
Aspects Of Hindu Muslim Cultural Relations
260
_b
N B B
_c
1978
350
_a
50
650
_a
Social Science
942
_c
BOOK
_k
300
999
_c
6714
_d
6714